|
|
|
|
| LEADER |
00000nab a2200000 a 4500 |
| 001 |
vtls000884609 |
| 003 |
SK-MaSNL |
| 005 |
20260304201326.0 |
| 008 |
250505c2003 xo 0 slo |
| 015 |
|
|
|a SNBRB2004/09-28122
|
| 035 |
|
|
|a CLN000236067
|
| 035 |
|
|
|a urn:nbn:sk:snk-abtbw
|
| 035 |
|
|
|a (urnnbn)urn:nbn:sk:snk:ar-a03fzp
|
| 035 |
|
|
|a (uuid)5fef9b9a-8696-461c-8a03-76d8cccbab67
|
| 040 |
|
|
|a SNKBUCL
|b slo
|c SNKBUCL
|e AACR2
|
| 041 |
0 |
|
|a eng
|
| 044 |
|
|
|a xo
|c SK
|
| 080 |
|
|
|a 616.71/72-002-02-08:82-95
|2 1997
|
| 100 |
1 |
|
|a Paukovic, Ján
|4 rec
|9 8129
|
| 245 |
1 |
0 |
|a Hacall V.C., Kuettner K.E.: Many faces of osteoarthritis
|c J. Paukovic
|
| 650 |
0 |
7 |
|a cytogenetika
|2 MESH
|9 18386
|
| 650 |
0 |
7 |
|a osteoartritída
|2 MESH
|9 18463
|
| 650 |
0 |
7 |
|a bolesť
|2 MESH
|9 2432
|
| 650 |
0 |
7 |
|a proteoglykány
|2 MESH
|9 1346799
|
| 650 |
0 |
7 |
|a MRI
|2 MESH
|9 1055318
|
| 650 |
0 |
7 |
|a atrofia
|2 MESH
|9 863994
|
| 655 |
|
7 |
|a recenzie
|2 snkbucl
|9 21907
|
| 655 |
|
7 |
|a články z novín a časopisov
|2 snkbucl
|9 267496
|
| 773 |
0 |
|
|t Bratislavské lekárske listy
|g Vol. 104, no. 11 (2003), s. 379
|x 0006-9248
|
| 787 |
0 |
8 |
|i Rec.:
|a Hascall, V.C.
|t Many faces of osteoarthritis
|d Basel-Boston-Berlin : Birkhäuser, Verlag, 2002
|
| 850 |
|
|
|a Slovenská národná knižnica
|
| 852 |
|
|
|a Slovenská národná knižnica
|
| 958 |
|
|
|a article27
|
| 958 |
|
|
|a MI
|
| 958 |
|
|
|a RC
|
| 958 |
|
|
|a OND
|
| 958 |
|
|
|a EUIPO
|
| 992 |
|
|
|a RBX
|
| 999 |
|
|
|c 3094413
|d 3096343
|